00642 2200241 4500001002100000005001500021020002200036035002400058040001200082082001700094084001700111090001700128100002400145245007500169250001100244260003000255300003900285650001100324700001700335990001600352990001600368990001600384YOGYA00000000010037820140823125529 a978-602-8811-77-4 0010-111300000000498 aYOPDYOG 2[22]a792.23 a792.23 Pan M a792.23 Pan M aPANDJI PRAGIWAKSONO aMerdeka dalam bercandac/ Pandji Pragiwaksono; penyunting Ikhdah Henny aCet.1. aYogyakartabBentangc2012 a188 hlmb: ilusc/ 21 cm. (3 eks.) aKomedi aIkhdah Henny a4038/B.2013 a4039/B.2013 a4040/B.2013